| 000 | 00425nam a2200181Ia 4500 | ||
|---|---|---|---|
| 008 | 210210b1994 xxu||||| |||| 00| 0 eng d | ||
| 041 | _aeng | ||
| 082 | _a574.192 RAOT | ||
| 100 | _aRAO (A V S S Rama) | ||
| 245 | _aTextbook of biochemistry. | ||
| 250 | _a | ||
| 260 |
_aNew Delhi. _bUBSPD _c1994 |
||
| 300 | _a543 | ||
| 650 | _aBiochemistry | ||
| 690 | _aBiochemistry | ||
| 700 | _aSURYALAKSHMI (A). | ||
| 906 | _a049214 | ||
| 999 |
_c98334 _d98334 |
||